000 00413 a2200145 4500
005 20250617165708.0
020 _a0-07-222947-0
082 _a005.74 FRE
100 _aFREEMAN, R. G.
245 _aOracle Database 10g: New Features.
260 _aNew York,
_bMcGraw,
_c2004.
300 _axviii, 240p.: ill.; picture.
_bIndex.
_c23cm.
856 _yAccess Online Book
_fDatabase
_dOraclePressBooks.com
942 _2ddc
_cBKS
999 _c162
_d162